Effct of duration of weed competition on chilli pepper (Capsicumannuum) Yield at royal university of agriculture,(ឥទ្ធិពលថេរវេលានៃការប្រណាំងប្រជែងរបស់ស្មៅចង្រៃលើទិន្នផលម្ទេសដៃនាង នៅក្នុងសាកលវិទ្យាល័យភូមិន្ទកសិកម្ម) (Record no. 783)

000 -LEADER
fixed length control field 00768nam a22001577a 4500
003 - CONTROL NUMBER IDENTIFIER
control field OSt
005 - DATE AND TIME OF LATEST TRANSACTION
control field 20150918180641.0
008 - FIXED-LENGTH DATA ELEMENTS--GENERAL INFORMATION
fixed length control field 150918b xxu||||| |||| 00| 0 eng d
040 ## - CATALOGING SOURCE
Transcribing agency RUA
082 ## - DEWEY DECIMAL CLASSIFICATION NUMBER
Classification number AGR UM 2005 B032 Or.32
100 ## - MAIN ENTRY--PERSONAL NAME
9 (RLIN) 811
Personal name UM BOPHA
245 ## - TITLE STATEMENT
Title Effct of duration of weed competition on chilli pepper (Capsicumannuum) Yield at royal university of agriculture,(ឥទ្ធិពលថេរវេលានៃការប្រណាំងប្រជែងរបស់ស្មៅចង្រៃលើទិន្នផលម្ទេសដៃនាង នៅក្នុងសាកលវិទ្យាល័យភូមិន្ទកសិកម្ម)
260 ## - PUBLICATION, DISTRIBUTION, ETC. (IMPRINT)
Place of publication, distribution, etc. phnom penh
Name of publisher, distributor, etc. RUA
Date of publication, distribution, etc. 2005
300 ## - PHYSICAL DESCRIPTION
Extent xiii,59p.
Dimensions ill.
Size of unit 29cm.
942 ## - ADDED ENTRY ELEMENTS (KOHA)
Source of classification or shelving scheme
Koha item type AGR
Holdings
Price effective from Date last seen Permanent Location Not for loan Date acquired Source of classification or shelving scheme Koha item type Lost status Withdrawn status Total Renewals Date last checked out Total Checkouts Damaged status Barcode Shelving location Current Location Full call number
2015-09-182016-01-21Library Block B 2015-09-18 AGR   2016-01-121 RUA002830 Library Block BAGR UM 2005 B032 Or.1
2016-01-252016-12-07Library Block B 2016-01-25 AGR  12016-10-312 RUA042540B032Library Block BAGR UM 2005 B032 Or.2
មជ្ឈមណ្ឌលឯការនៃសាកលវិទ្យាល័យភូមិន្ទកសិកម្មចំការដូង

Powered by Koha